CAD/CAM: computer aided design and manufacturing / (Record no. 9736)
[ view plain ]
| 000 -LEADER | |
|---|---|
| fixed length control field | 00647cam a2200241ua 4500 |
| 041 ## - LANGUAGE CODE | |
| Language code of text/sound track or separate title | eng |
| 082 ## - DEWEY DECIMAL CLASSIFICATION NUMBER | |
| Classification number | 670.285 |
| Item number | GRO/CA |
| 100 ## - MAIN ENTRY--AUTHOR NAME | |
| Personal name | Groover, Mikell P . |
| 245 ## - TITLE STATEMENT | |
| Title | CAD/CAM: computer aided design and manufacturing / |
| 260 ## - PUBLICATION, DISTRIBUTION, ETC. (IMPRINT) | |
| Place of publication | New Delhi : |
| Name of publisher | Prentice Hall of India Pvt Ltd. , |
| Year of publication | 1996. |
| 300 ## - PHYSICAL DESCRIPTION | |
| Number of Pages | 489 ; . |
| 500 ## - GENERAL NOTE | |
| General note | 18949, 18950, 20469,CSS |
| 700 1# - ADDED ENTRY--PERSONAL NAME | |
| Personal name | Zimmers, Emory W . |
| 942 ## - ADDED ENTRY ELEMENTS (KOHA) | |
| Koha item type | Books |
| Withdrawn status | Lost status | Damaged status | Home library | Current library | Shelving location | Date acquired | Full call number | Accession Number | Koha item type |
|---|---|---|---|---|---|---|---|---|---|
| KAUAET | 07/04/2012 | 670.285 | 18949 | Books | |||||
| KAUAET | KAUAET | Scheme | 07/04/2012 | 005.369 GRO/CA | 20469 | Book Bank scheme for SC students | |||
| KAUAET | KAUAET | 07/04/2012 | 670.285 | 19436 | Books | ||||
| KAUAET | KAUAET | 07/04/2012 | 670.285 | 19070 | Books | ||||
| KAUAET | KAUAET | Scheme | 07/04/2012 | 005.369 GRO/CA | 18950 | Book Bank scheme for SC students |
